[Event "Challenge"]
[Site "http://www.queenalice.com/game.php?id=154393"]
[Date "2007.1.15"]
[Round "-"]
[White "rosie1940"]
[Black "oilman58"]
[Result "1-0"]
[WhiteElo "1655"]
[BlackElo "1531"]

1. b3 e5 2. Bb2 Nc6 3. e4 Nf6 4. d3 Bb4+ 5. c3 Ba5 6. b4 Bb6 7. Ba3 O-O 8. b5
Ne7 9. Nf3 d6 10. Be2 h6 11. h3 Ng6 12. g3 a6 13. Bb4 axb5 14. Nbd2 Re8 15. c4
Ra4 16. a3 bxc4 17. Qxa4 c5 18. Bc3 cxd3 19. Bxd3 Bd7 20. Qc2 d5 21. O-O-O c4
22. Bxc4 dxc4 23. Nxc4 Bc7 24. Nfxe5 Nxe5 25. Nd6 Bxd6 26. Rxd6 Qe7 27. Kb1 1-0

[Event "Challenge"]
[Site "http://www.queenalice.com/game.php?id=157499"]
[Date "2007.1.22"]
[Round "-"]
[White "rosie1940"]
[Black "mustangdraw"]
[Result "0-1"]
[WhiteElo "1676"]
[BlackElo "1720"]

1. e4 c5 2. d4 e5 3. dxe5 Nc6 4. Bc4 Nxe5 5. Bd5 d6 6. Bf4 Ne7 7. Bb3 a6 8. Bxe5
dxe5 9. Qxd8+ Kxd8 10. Bxf7 Nc6 11. Nc3 Ke7 12. Bb3 Be6 13. O-O-O Nd4 14. Bxe6
Kxe6 15. Nd5 Rd8 16. c3 Nc6 17. Nf3 h6 18. Nc7+ Ke7 19. Rd2 Rxd2 20. Kxd2 Kd6
21. Nd5 Be7 22. Kc2 c4 23. Rd1 Rd8 24. a3 b5 25. Nb4+ Kc7 26. Nxc6 Kxc6 27. Rxd8
Bxd8 28. Nxe5+ Kc5 29. f4 Bc7 30. g3 g5 31. Kd2 h5 32. Ke3 gxf4+ 33. gxf4 Bxe5
34. fxe5 Kc6 0-1

[Event "Challenge"]
[Site "http://www.queenalice.com/game.php?id=157500"]
[Date "2007.1.22"]
[Round "-"]
[White "mustangdraw"]
[Black "rosie1940"]
[Result "0-1"]
[WhiteElo "1734"]
[BlackElo "1662"]

1. e4 e5 2. Nf3 Nc6 3. Bb5 a6 4. Bxc6 dxc6 5. d3 Bg4 6. Nbd2 Bc5 7. h3 Bh5 8.
O-O f6 9. Qe1 Bxf3 10. Nxf3 Qd7 11. Be3 Bb6 12. Bxb6 cxb6 13. Qb4 Qc7 14. a4 a5
15. Qd2 O-O-O 16. b4 Ne7 17. Ra3 Qd6 18. Rfa1 axb4 19. Rb3 c5 20. a5 b5 21. Ne1
Kc7 22. Rb2 Ra8 23. c3 Nc6 24. Rba2 bxc3 25. Qxc3 Nd4 26. Kf1 Kd7 27. Rc1 Rhc8
28. Rca1 b4 29. Qc4 Qe6 30. Qxe6+ Kxe6 31. a6 Ra7 32. axb7 Rxb7 33. Ra6+ Kf7 34.
Ra7 Rxa7 35. Rxa7+ Kg6 36. g4 b3 37. Rb7 Ra8 38. Kg2 Ra5 39. Nf3 Rb5 40. Rxb5
Nxb5 41. Nd2 b2 42. Kg3 Nc3 43. f4 c4 44. dxc4 Nxe4+ 0-1

[Event "Challenge"]
[Site "http://www.queenalice.com/game.php?id=158230"]
[Date "2007.1.24"]
[Round "-"]
[White "rosie1940"]
[Black "oilman58"]
[Result "1-0"]
[WhiteElo "1664"]
[BlackElo "1566"]

1. e4 e5 2. d4 exd4 3. c3 Nc6 4. Bc4 Nf6 5. Bg5 Be7 6. f3 O-O 7. Ne2 Nxe4 8.
fxe4 Bxg5 9. O-O dxc3 10. Nbxc3 d6 11. Qb3 Bf6 12. Rf2 Nd4 13. Nxd4 Bxd4 14. Kh1
Bxf2 15. Rf1 Qf6 16. Nd5 Qh4 17. Nxc7 Qxe4 18. Bd3 Qf4 19. Qc2 Bf5 20. Bxf5 Rac8
21. Bxc8 Rxc8 22. Rxf2 Qe5 23. Re2 Qf4 24. Re1 d5 25. Nxd5 Qf5 26. Ne7+ 1-0

[Event "Challenge"]
[Site "http://www.queenalice.com/game.php?id=158231"]
[Date "2007.1.24"]
[Round "-"]
[White "oilman58"]
[Black "rosie1940"]
[Result "0-1"]
[WhiteElo "1544"]
[BlackElo "1695"]

1. c4 Nf6 2. d4 g6 3. e3 Bg7 4. Nf3 O-O 5. Nc3 d6 6. Be2 Nbd7 7. O-O e5 8. Qc2
Re8 9. d5 e4 10. Ng5 Nc5 11. b4 Nd3 12. Bxd3 exd3 13. Qxd3 Bf5 14. Qd2 Ne4 15.
Ngxe4 Bxe4 16. Bb2 Bf5 17. Rae1 Qh4 18. Nb5 Qxc4 19. a4 Bxb2 20. Qxb2 Rac8 21.
Nxa7 Ra8 22. Nb5 Rxa4 23. Nd4 Rxb4 24. Rc1 Rxb2 25. Rxc4 Bd3 26. Rxc7 Bxf1 27.
Kxf1 Ra8 28. g3 Raa2 29. Rc8+ Kg7 30. Kg2 Rxf2+ 31. Kh3 Rxh2+ 32. Kg4 h5+ 33.
Kf4 Ra5 34. Rc7 Rf2+ 35. Ke4 b6 36. Rc6 f5+ 37. Kd3 Ra3+ 38. Rc3 Rxc3+ 39. Kxc3
Rh2 40. Nb5 Kf7 41. Nxd6+ Ke7 42. Nb5 Re2 43. Kd3 Rb2 44. d6+ Kd7 45. Kc4 Rg2
46. Kd5 Rxg3 47. e4 fxe4 48. Kxe4 h4 49. Kf4 g5+ 50. Kf5 h3 51. Nd4 Kxd6 0-1

[Event "Challenge"]
[Site "http://www.queenalice.com/game.php?id=164838"]
[Date "2007.2.7"]
[Round "-"]
[White "rosie1940"]
[Black "oilman58"]
[Result "0-1"]
[WhiteElo "1705"]
[BlackElo "1534"]

1. e4 e5 2. f4 d6 3. Nf3 Bg4 4. Be2 exf4 5. O-O Nf6 6. h3 Bh5 7. Nh2 Bxe2 8.
Qxe2 Be7 9. d4 d5 10. exd5 Nxd5 11. Qb5+ Nc6 12. Qxb7 Nxd4 13. Rd1 Ne2+ 14. Kf1
Ng3+ 15. Ke1 Bb4+ 16. Kf2 Ne4+ 17. Kf3 Ng5+ 18. Kf2 Bc5+ 19. Kf1 Ne3+ 0-1

[Event "Challenge"]
[Site "http://www.queenalice.com/game.php?id=166104"]
[Date "2007.2.9"]
[Round "-"]
[White "rosie1940"]
[Black "mustangdraw"]
[Result "0-1"]
[WhiteElo "1704"]
[BlackElo "1710"]

1. e4 d6 2. f4 f6 3. f5 e5 4. Qh5+ Ke7 5. Bc4 Qe8 6. Qf3 Bd7 7. Nc3 Bc6 8. b4 a6
9. a4 a5 10. b5 Bd7 11. Nd5+ Kd8 12. b6 c6 13. Nc7 Qe7 14. Ba3 c5 15. Nxa8 Bxa4
16. Qc3 Bc6 17. d3 Qd7 18. Nc7 Nh6 19. Qxa5 Qc8 20. Bb2 g6 21. Ne6+ Ke7 22. fxg6
hxg6 23. Nf3 Nf7 24. Qc3 Qd7 25. O-O Bh6 26. Qe1 Nd8 27. Nc7 Qc8 28. Nh4 Qg4 29.
Bd5 Bg7 30. Bxc6 Nbxc6 31. Nd5+ Kf7 32. Nf3 Bh6 33. Nxf6 Qc8 34. Nd5 Kg7 35. Qg3
Bf4 36. Nxf4 Ne7 37. Nh4 Rh6 38. Nfxg6 Nxg6 39. Nf5+ Kh7 0-1

[Event "Challenge"]
[Site "http://www.queenalice.com/game.php?id=169118"]
[Date "2007.2.15"]
[Round "-"]
[White "mustangdraw"]
[Black "rosie1940"]
[Result "0-1"]
[WhiteElo "1737"]
[BlackElo "1666"]

1. e4 c5 2. Nc3 g6 3. Nf3 Bg7 4. Bb5 a6 5. Be2 Nc6 6. Nd5 e6 7. Nf4 Nge7 8. c4
O-O 9. d3 f5 10. exf5 Nxf5 11. Rb1 Qa5+ 12. Nd2 Nfd4 13. a3 Rxf4 14. O-O Nxe2+
15. Qxe2 Nd4 16. Qe3 Qc7 17. Qh3 Bf6 18. f3 Rh4 19. Qg3 Ne2+ 20. Kf2 Nxg3 21.
hxg3 Rh2 22. Ne4 Bd4+ 23. Be3 Bxe3+ 24. Kxe3 b6 25. Rg1 Bb7 26. Nf6+ Kg7 27. Ng4
Rh5 28. f4 Rf5 29. Kf2 e5 30. Nxe5 Qxe5 31. Rbe1 Qd4+ 32. Re3 Qxb2+ 0-1

[Event "Challenge"]
[Site "http://www.queenalice.com/game.php?id=170567"]
[Date "2007.2.18"]
[Round "-"]
[White "oilman58"]
[Black "rosie1940"]
[Result "1-0"]
[WhiteElo "1546"]
[BlackElo "1688"]

1. g3 h5 2. Nf3 c6 3. Bg2 d5 4. d4 Bf5 5. Nc3 Nd7 6. O-O f6 7. Re1 g5 8. e4 dxe4
9. Nxe4 Bxe4 10. Rxe4 Qc7 11. d5 cxd5 12. Qxd5 O-O-O 13. Rc4 Nc5 14. Qxc5 Qxc5
15. Rxc5+ Kb8 16. Be3 e5 17. Ra5 b6 18. Ra4 Ne7 19. Nd2 Nf5 20. Nf1 h4 21. g4
Nh6 22. h3 Be7 23. c4 Nf7 24. b4 Rd3 25. c5 b5 26. Ra5 e4 27. Bxe4 Ne5 28. Bxd3
Nxd3 29. Rxb5+ Kc7 30. Rd1 Ne5 31. Kg2 Kc6 32. Ra5 Kb7 33. b5 Bxc5 34. Bxc5 1-0

[Event "Challenge"]
[Site "http://www.queenalice.com/game.php?id=170568"]
[Date "2007.2.18"]
[Round "-"]
[White "rosie1940"]
[Black "oilman58"]
[Result "1-0"]
[WhiteElo "1693"]
[BlackElo "1557"]

1. e4 e5 2. Bc4 Nf6 3. d4 Nxe4 4. dxe5 Nxf2 5. Bxf7+ Kxf7 6. Qf3+ Ke6 7. Qxf2
Kxe5 8. Nf3+ Ke6 9. Qe2+ Kf7 10. O-O Be7 11. Ng5+ Kg8 12. Kh1 Bf6 13. Ne4 d5 14.
Nxf6+ gxf6 15. Nc3 Kf7 16. Bg5 Nd7 17. Rad1 c6 18. Rf2 Rg8 19. Bh4 Kg7 20. Rdf1
Rf8 21. Qg4+ Kh8 22. Qd4 c5 23. Qxd5 Qe7 24. Qh5 b6 25. Nd5 Qg7 26. Nxf6 Nxf6
27. Bxf6 Rxf6 28. Qe8+ Rf8 29. Rxf8+ 1-0

[Event "Challenge"]
[Site "http://www.queenalice.com/game.php?id=176472"]
[Date "2007.3.3"]
[Round "-"]
[White "rosie1940"]
[Black "oilman58"]
[Result "1-0"]
[WhiteElo "1664"]
[BlackElo "1593"]

1. d4 c5 2. d5 Nf6 3. c4 b5 4. cxb5 Qa5+ 5. Nc3 Ne4 6. Bd2 Nxc3 7. Bxc3 Qxb5 8.
e4 Qb7 9. Nf3 f6 10. Bc4 e5 11. Nh4 d6 12. O-O Nd7 13. Qh5+ Kd8 14. Ng6 hxg6 15.
Qxh8 Kc7 16. a4 Qb6 17. Qh3 Ba6 18. Qd3 Bxc4 19. Qxc4 f5 20. b4 fxe4 21. a5 Qb8
22. b5 Be7 23. Rfb1 e3 24. fxe3 Bf6 25. e4 Bg5 26. Qe2 Kd8 27. Qg4 Be3+ 28. Kf1
Ke7 29. Qe6+ Kd8 30. Qg8+ Kc7 31. Qxg7 Qf8+ 32. Qxf8 Rxf8+ 33. Ke2 Bd4 34. b6+
axb6 35. axb6+ Nxb6 36. Bxd4 exd4 37. Ra7+ Kb8 38. Rd7 Kc8 39. Rxd6 Nd7 40. Rxg6
Re8 41. Re6 Kd8 42. Rxe8+ Kxe8 43. Rc1 Ke7 44. g4 Kf6 45. h4 Kg6 46. Kf3 Kf6 47.
Kf4 Kg6 48. e5 d3 49. e6 Nf6 50. g5 Nxd5+ 51. Ke4 d2 52. Rd1 Nc3+ 53. Kd3 Nxd1
54. Kxd2 Nf2 55. h5+ Kg7 56. h6+ Kf8 57. e7+ Kxe7 58. h7 Ne4+ 59. Kc1 Nxg5 60.
h8=Q Nf7 61. Qc8 Kd6 62. Qa6+ Ke5 63. Qc6 1-0

[Event "Challenge"]
[Site "http://www.queenalice.com/game.php?id=176473"]
[Date "2007.3.3"]
[Round "-"]
[White "oilman58"]
[Black "rosie1940"]
[Result "1-0"]
[WhiteElo "1572"]
[BlackElo "1685"]

1. c3 d5 2. Nf3 Nc6 3. d4 Bg4 4. Qb3 b6 5. Bf4 Nf6 6. Nbd2 e6 7. e3 a6 8. Bd3
Be7 9. O-O h6 10. h3 Bh5 11. c4 dxc4 12. Qxc4 Bxf3 13. Nxf3 Qd5 14. Rac1 Na5 15.
Qxd5 Nxd5 16. Bxc7 O-O 17. Be4 Rac8 18. Bxd5 exd5 19. Bxb6 Nc4 20. Bc5 Rfe8 21.
Bxe7 Rxe7 22. Rc2 Rb8 23. b3 Na3 24. Rc5 Rd7 25. Ra5 Nc2 26. Rxa6 Rc8 27. Ne5
Rdc7 28. Kh2 f6 29. Nd3 Rc3 30. Nf4 Nb4 31. Ra4 Nd3 32. Nxd5 Rc1 33. Rxc1 Rxc1
34. Nb4 Nxf2 35. d5 Rh1+ 36. Kg3 Ne4+ 37. Kf4 Ng5 38. Ra8+ Kh7 39. d6 Rf1+ 40.
Kg3 Ne4+ 41. Kh2 Nxd6 42. Nd3 Rd1 43. Nf4 Re1 44. Rd8 Nf5 45. Nd5 Nxe3 46. Nxe3
Rxe3 47. Rd2 g5 48. b4 Kg6 49. b5 Re6 50. a4 Re4 51. a5 Rb4 52. b6 Rb5 53. Ra2
f5 54. a6 g4 55. a7 g3+ 56. Kxg3 Rb3+ 57. Kh2 f4 58. a8=Q 1-0

[Event "Challenge"]
[Site "http://www.queenalice.com/game.php?id=196469"]
[Date "2007.4.13"]
[Round "-"]
[White "oilman58"]
[Black "rosie1940"]
[Result "1-0"]
[WhiteElo "1604"]
[BlackElo "1689"]

1. c4 e5 2. Nc3 Nf6 3. d3 d5 4. e4 d4 5. Nd5 Nfd7 6. a3 a5 7. Nf3 c6 8. Nf4 exf4
9. Bxf4 Qb6 10. Ra2 c5 11. Be2 Bd6 12. e5 Bc7 13. O-O O-O 14. Re1 Nc6 15. Qd2
Ndxe5 16. Bxe5 Nxe5 17. Nxe5 Bxe5 18. Bd1 Qd6 19. g3 Bd7 20. b3 Rfe8 21. Bf3
Rab8 22. Qxa5 b6 23. Qd2 Bf6 24. Be4 Bc6 25. Qd1 Re7 26. Rae2 Rbe8 27. Bxc6 Qxc6
28. Rxe7 Rxe7 29. Rxe7 Bxe7 30. Qe2 Qe6 31. Qxe6 fxe6 32. Kg2 g5 33. Kf3 Kg7 34.
Ke4 Kf6 35. h4 gxh4 36. gxh4 Bd6 37. Kf3 Kf5 38. a4 Bc7 39. Kg2 Kg4 40. h5 Kxh5
41. Kh3 Kg5 42. f3 h6 43. Kg2 Kh4 44. Kf2 Kh3 45. Ke2 Kg3 46. Kf1 Kxf3 47. Ke1
Ke3 48. Kd1 Kxd3 49. Kc1 Kc3 50. Kb1 Kxb3 51. Ka1 Kxa4 52. Kb2 1-0

[Event "Challenge"]
[Site "http://www.queenalice.com/game.php?id=198146"]
[Date "2007.4.17"]
[Round "-"]
[White "rosie1940"]
[Black "oilman58"]
[Result "1-0"]
[WhiteElo "1670"]
[BlackElo "1623"]

1. e4 e5 2. d4 exd4 3. c3 d5 4. Qxd4 Nc6 5. Qxd5 Qxd5 6. exd5 Ne5 7. Bf4 Bd6 8.
Bxe5 Bxe5 9. Nf3 Bd6 10. Nbd2 Nf6 11. c4 Bb4 12. a3 Bd6 13. b4 c6 14. c5 Bf4 15.
d6 O-O 16. h3 Bf5 17. Bc4 b5 18. Bb3 Rae8+ 19. Kd1 Nd7 20. Re1 Ne5 21. Nd4 Bg6
22. Bc2 Bxd2 23. Kxd2 Bxc2 24. Kxc2 Nd7 25. Rxe8 Rxe8 26. a4 a6 27. axb5 axb5
28. Kd2 Nb8 29. Ra8 Kf8 30. Nf5 g6 31. Ne7 h5 32. d7 Rd8 33. Nxc6 Nxc6 34. Rc8
Ke7 35. Rxc6 Rxd7+ 36. Ke3 Rb7 37. Rb6 Rxb6 38. cxb6 Kd7 39. Ke4 Kc6 40. Ke5
Kxb6 41. Kf6 Kc6 42. Kxf7 Kd5 43. Kxg6 Kc4 44. f4 Kxb4 45. f5 Ka4 46. f6 b4 47.
f7 b3 48. f8=Q b2 49. Qf1 Ka3 50. Qb1 h4 51. Kg5 1-0

[Event "Challenge"]
[Site "http://www.queenalice.com/game.php?id=213727"]
[Date "2007.5.20"]
[Round "-"]
[White "oilman58"]
[Black "rosie1940"]
[Result "0-1"]
[WhiteElo "1612"]
[BlackElo "1694"]

1. c4 e5 2. Nc3 Nf6 3. Nf3 Nc6 4. e4 Bb4 5. Bd3 d6 6. O-O O-O 7. Re1 Bg4 8. h3
Bh5 9. Be2 Bxc3 10. bxc3 Nxe4 11. Qc2 Nc5 12. Ba3 Bg6 13. Qb2 b6 14. d4 exd4 15.
cxd4 Nd3 16. Bxd3 Bxd3 17. Qb5 Ne7 18. Re3 Bg6 19. Rae1 a6 20. Qb2 Re8 21. Nh4
Qd7 22. Qe2 Kf8 23. Nxg6+ hxg6 24. c5 Nf5 25. Qg4 Rxe3 26. Rxe3 Qc6 27. Rd3 Qd5
28. Qf3 Qxf3 29. Rxf3 Nxd4 30. Re3 bxc5 31. Bb2 Rb8 32. Bxd4 cxd4 33. Re2 c5 34.
Kh2 a5 35. a4 Rb4 36. Ra2 c4 37. Kg1 c3 38. Kf1 Rb2 39. Ra1 c2 40. Ke2 Rb1 0-1

[Event "Challenge"]
[Site "http://www.queenalice.com/game.php?id=216809"]
[Date "2007.5.26"]
[Round "-"]
[White "rosie1940"]
[Black "JUKIE78"]
[Result "1-0"]
[WhiteElo "1684"]
[BlackElo "1539"]

1. e4 e5 2. f4 exf4 3. Nf3 Nf6 4. e5 Ng4 5. h3 Nh6 6. d4 b6 7. Bxf4 a5 8. Bxh6
gxh6 9. Nc3 d6 10. Bd3 dxe5 11. Qe2 f6 12. dxe5 fxe5 13. Nxe5 Be7 14. Qh5+ 1-0